ロード中...
Source s of Indian tradition
| 第一著者: | |
|---|---|
| フォーマット: | Printed Book |
| 言語: | English |
| 出版事項: |
New York
Columbia University
1958
|
| 版: | 2nd. ed. |
| 主題: |
| LEADER | 00526nam a22001697a 4500 | ||
|---|---|---|---|
| 005 | 20151026130430.0 | ||
| 008 | 100312t xxu||||| |||| 00| 0 eng d | ||
| 080 | |a 934 |b SOU.2 | ||
| 100 | |a Hay, Stephen [Ed.] |9 11370 | ||
| 245 | |a Source s of Indian tradition | ||
| 250 | |a 2nd. ed. | ||
| 260 | |a New York |b Columbia University |c 1958 |9 11150 | ||
| 300 | |a 432p. | ||
| 653 | |a Indian history | ||
| 942 | |c BK |6 _ | ||
| 999 | |c 5212 |d 5212 | ||
| 952 | |0 0 |1 0 |2 udc |4 0 |6 934_SOU2 |7 0 |9 16578 |a UL |b UL |d 2010-03-12 |o 934 SOU.2 |p 00038627 |r 2010-03-12 |w 2010-03-12 |y BK | ||